Latex line by line : tips and techniques for document processing
Αποθηκεύτηκε σε:
| Κύριος συγγραφέας: | |
|---|---|
| Μορφή: | Βιβλίο |
| Γλώσσα: | English |
| Δημοσίευση: |
Chichester :
John Wiley & Sons,
c1999.
|
| Έκδοση: | 2nd ed. |
| Θέματα: | |
| Ετικέτες: |
Προσθήκη ετικέτας
Δεν υπάρχουν, Καταχωρήστε ετικέτα πρώτοι!
|
MARC
| LEADER | 00000cam a2200000 i 4500 | ||
|---|---|---|---|
| 001 | 1/72189 | ||
| 008 | 080124s1999 enk| ||| |||| ||eng|| | ||
| 020 | |a 047197918X | ||
| 035 | |l 10094082 | ||
| 040 | |a GR-MyUa |b gre |e AACR2 | ||
| 041 | 0 | |a eng | |
| 082 | 7 | |a 686.2254436 |2 (22) | |
| 100 | 1 | |a Diller, Antoni. | |
| 245 | 1 | 0 | |a Latex line by line : |b tips and techniques for document processing / |c Antoni Diller. |
| 250 | |a 2nd ed. | ||
| 260 | |a Chichester : |b John Wiley & Sons, |c c1999. | ||
| 300 | |a xv, 311 σ. : |b εικ. ; |c 23 εκ. | ||
| 504 | |a Βιβλιογραφία: σ. 279-281. Ευρετήριο. | ||
| 630 | 0 | 0 | |a LaTeX (Computer file) |
| 650 | 0 | |a Mathematics printing |x Computer programs. | |
| 650 | 0 | |a Computerized typesetting. | |
| 852 | |a INST |b SYROS |e 20080124 |h 686.22544536 DIL |p 005500006646 |q 005500006646 |t BK |y 0 | ||
| 901 | |a BIBL5-2008-1 | ||
| 922 | |a 5ΕΛΗ |b 200709 |c Βιβλιοθήκη Σύρου |d Glory Book | ||
| 970 | |a Καγιαβά |b Ειρήνη |z 24/01/2008 | ||